Study of compensatory risk-related allowances granted to armed forces personnel engaged in various operations (Record no. 492683)

000 -LEADER
fixed length control field 00567cam a22001457a 4500
008 - FIXED-LENGTH DATA ELEMENTS--GENERAL INFORMATION
fixed length control field 180718b2003 xxu||||| |||| 00| 0 eng d
082 ## - DEWEY DECIMAL CLASSIFICATION NUMBER
Classification number APPPA 2002-03 DAS/8
100 ## - MAIN ENTRY--PERSONAL NAME
Personal name Das, V.P.L.
245 ## - TITLE STATEMENT
Title Study of compensatory risk-related allowances granted to armed forces personnel engaged in various operations
Statement of responsibility, etc. by V.P.L. Das
260 ## - PUBLICATION, DISTRIBUTION, ETC.
Place of publication, distribution, etc. New Delhi
Name of publisher, distributor, etc. Indian Institute of Public Administration
Date of publication, distribution, etc. 2003
300 ## - PHYSICAL DESCRIPTION
Extent 72p.
500 ## - GENERAL NOTE
General note An APPPA M.Phil dissertation, 2002-03 (Guide: J. Guha Roy)
650 ## - SUBJECT ADDED ENTRY--TOPICAL TERM
Topical term or geographic name entry element APPPA
650 ## - SUBJECT ADDED ENTRY--TOPICAL TERM
Topical term or geographic name entry element Armed forces - Personnel management - India
Holdings
Withdrawn status Lost status Damaged status Not for loan Permanent Location Current Location Date acquired Full call number Barcode Date last seen Price effective from Koha item type
        Indian Institute of Public Administration Indian Institute of Public Administration 2018-08-04 APPPA 2002-03 DAS/8 GR16645 2018-08-04 2018-08-04 GR

Powered by Koha